Ver,vers,verre,vert ou vair - Statistiques

Statistiques générales
  • Ce quiz a été pris 353 fois
  • Le résultat moyen est 14 sur 15
Statistiques - réponses
Indices Réponses % Correct
De terre ver
100%
Petit contenant pour boire verre
100%
Une couleur vert
100%
Hulk vert
98%
Luisant ver
97%
Celui de l'alexandrin en est composé de 12 vers
97%
À soie ver
96%
Petit animal rampant ver
96%
En direction de vers
96%
Brocoli vert
96%
Il peut-être à eau, à vin ou à bière verre
95%
Préposition vers
95%
À pied verre
93%
Fourrure grise et blanche de l'écureuil petit-gris vair
89%
Les pantoufles de Cendrillon vair
88%
Aucun quiz correspondant
Distribution des résultats
% des personnes avec chaque résultat
Percentile par nombre de réponses
Votre historique - résultats
Vous n’avez pas pris ce quiz